Magyar Pedagógia. - 61. évf. (1961) 3. sz.
Elmentve itt :
| Dokumentumtípus: | Folyóirat |
|---|---|
| Megjelent: |
1961
|
| Sorozat: | Magyar pedagógia : a Magyar Tudományos Akadémia Pedagógiai Bizottságának folyóirata
61 No. 3 |
| Online Access: | http://misc.bibl.u-szeged.hu/17946 |
| LEADER | 00545nas a2200145 i 4500 | ||
|---|---|---|---|
| 001 | misc17946 | ||
| 005 | 20191106141651.0 | ||
| 008 | 170616s1961 hu o 0|| zxx d | ||
| 022 | |a 0025-0260 | ||
| 040 | |a SZTE Miscellanea Repozitórium |b hun | ||
| 041 | |a zxx | ||
| 245 | 0 | 0 | |a Magyar Pedagógia. - 61. évf. (1961) 3. sz. |h [elektronikus dokumentum] |
| 260 | |c 1961 | ||
| 490 | 0 | |a Magyar pedagógia : a Magyar Tudományos Akadémia Pedagógiai Bizottságának folyóirata |v 61 No. 3 | |
| 856 | 4 | 0 | |u http://misc.bibl.u-szeged.hu/17946/1/mp_1961_003.pdf |z Dokumentum-elérés |